|
|
|
|
| LEADER |
00000nam a22000004a 4500 |
| 001 |
AR-BbUGT1974 |
| 003 |
AR-BbUGT |
| 005 |
20181220001613.0 |
| 007 |
ta |
| 008 |
061101t1959 |||ab |0|||0| d |
| 040 |
|
|
|a AR-BbUGT
|b spa
|c AR-BbUGT
|
| 082 |
0 |
4 |
|a 551.48
|
| 100 |
1 |
|
|a Alba, Enrique De.
|
| 245 |
1 |
0 |
|a Aprovechamiento del río Uruguay en la zona de Salto Grande:
|b informe sobre las condiciones y características geológicas /
|c Enrique de Alba ; Nicolás Serra.
|
| 260 |
|
|
|a Buenos Aires :
|b Ministerio de Economía de la Nación, Dirección Nacional de Geología y Minería,
|c 1959.
|
| 300 |
|
|
|a 35 p. :
|b il., cuadros, mapas desplegables
|
| 653 |
|
|
|a Geología regional
|
| 653 |
|
|
|a Río Uruguay
|
| 653 |
|
|
|a Salto Grande
|
| 700 |
1 |
|
|a Serra, Nicolas.
|
| 942 |
|
|
|c BK
|h 551.48
|i AL85
|m D
|2 ddc
|6 551_480000000000000_AL85
|
| 999 |
|
|
|c 9661
|d 9661
|